Finish the Great Songs! - Statistics

General Stats
  • This quiz has been taken 1,137 times
  • The average score is 8 of 15
Answer Stats
Hint Answer % Correct
(Cher) If I Could Turn ? Time Back
89%
(The Police) Every ? You Take Breath
84%
(Michael Jackson) Smooth ? Criminal
82%
(Bon Jovi) I'll Be ? For You There
78%
(Jason Derulo) Talk ? Dirty
65%
(Billy Joel) ? Girl Uptown
64%
(War or Smash Mouth) Why Can't We Be ? Friends
60%
(Rick Astley) Together ? Forever
58%
(The Foundations) Build Me Up ? Buttercup
54%
(Smash Mouth or The Monkees) I'm a ? Believer
49%
(King Harvest or Toploader) Dancing in the ? Moonlight
46%
(Sam Smith) ? On My Mind Money
27%
(Aloe Blacc) The ? Man
20%
(Kelly Clarkson) ? Like Us People
15%
(James Blunt) ? Heart Bonfire
9%
No matching quizzes found
Score Distribution
Percent of People with Each Score
Percentile by Number Answered
Your Score History
You have not taken this quiz